01722nam a2200397 a 4500001001200000003000800012006001900020007001500039008004100054010001700095020001500112020002200127020001800149020002700167040002100194035002100215050002700236082001900263100002500282245012100307260006500428300002500493504005100518505017800569533015200747650004500899650003400944650004200978650002501020650005601045655002901101700002401130700002701154710001701181856012601198ebr10392698CaPaEBRm u cr cn|||||||||981204s1999 enka sb 001 0 eng  z 98061795  z0803976410 z0803976429 (pbk.) z9780803976412 z9780857026040 (e-book) aCaPaEBRcCaPaEBR a(OCoLC)64606832714aRC451.4.A5bB46 1999eb04a616.89/1522211 aBender, Mike,d1944-14aThe therapeutic purposes of reminiscenceh[electronic resource] /cMike Bender, Paulete Bauckham, and Andrew Norris. aLondon ;aThousand Oaks, Calif. :bSage Publications,c1999. aviii, 300 p. :bill. aIncludes bibliographical references and index.0 apt. 1. Setting the scene -- pt. 2. Reminiscence work that helps client -- pt. 3. Uses of reminiscence to benefit carers -- pt. 4. Reminiscence as the philosophy of the unit. aElectronic reproduction.bPalo Alto, Calif. :cebrary,d2013.nAvailable via World Wide Web.nAccess may be limited to ebrary affiliated libraries. 0aReminiscing in old agexTherapeutic use. 0aReminiscingxTherapeutic use. 0aGroup psychotherapy for older people. 0aGroup psychotherapy. 0aLong-term care facilitiesxRecreational activities. 7aElectronic books.2local1 aBauckham, Paulette.1 aNorris, Andrew,d1962-2 aebrary, Inc.40uhttp://site.ebrary.com/lib/rucke/Doc?id=10392698zAn electronic book accessible through the World Wide Web; click to view